00327nam a22001097a 4500020001900000040001200019082001300031100001800044245010400062260003900166300001200205 a978-9699739156 cMSOHAIL a958.1045 aJohn K.Cooley aGhair Muqaddas Jangein Kabul se Baghdad - غیر مقدس جنگیں. کابل سے بغداد تک aLahorebJamhori Publicationcc2010 a394;pxv